Practical algorithms for image analysis: Ddescription, examples, and code
שמור ב:
| מחבר ראשי: | |
|---|---|
| פורמט: | ספר |
| שפה: | Undetermined |
| יצא לאור: |
Cambridge, UK
Cambridge Univ. Press
2000
|
| נושאים: | |
| תגים: |
הוספת תג
אין תגיות, היה/י הראשונ/ה לתייג את הרשומה!
|
| Thư viện lưu trữ: | Trung tâm Học liệu Trường Đại học Cần Thơ |
|---|
| LEADER | 00611nam a2200193Ia 4500 | ||
|---|---|---|---|
| 001 | CTU_58975 | ||
| 008 | 210402s9999 xx 000 0 und d | ||
| 082 | |a 621.11 | ||
| 082 | |b S496 | ||
| 100 | |a Michael Seul | ||
| 245 | 0 | |a Practical algorithms for image analysis: Ddescription, examples, and code | |
| 245 | 0 | |c Michael Seul, Lawrence ZO'Gorman and Michael J. Sammon | |
| 260 | |a Cambridge, UK | ||
| 260 | |b Cambridge Univ. Press | ||
| 260 | |c 2000 | ||
| 650 | |a image processing,image analysis | ||
| 650 | |x digital techniques | ||
| 904 | |i Minh | ||
| 980 | |a Trung tâm Học liệu Trường Đại học Cần Thơ | ||